INTERNATIONAL FINANCIAL (Record no. 215851)

MARC details
000 -LEADER
fixed length control field 00612nam a22001937a 4500
008 - FIXED-LENGTH DATA ELEMENTS--GENERAL INFORMATION
fixed length control field 250708b |||||||| |||| 00| 0 eng d
020 ## - INTERNATIONAL STANDARD BOOK NUMBER
International Standard Book Number 978-1-4737-2545-4
050 ## - LIBRARY OF CONGRESS CALL NUMBER
Classification number HF 5635 .A44 2017
100 ## - MAIN ENTRY--PERSONAL NAME
Personal name ALEXANDER, DAVID
245 ## - TITLE STATEMENT
Title INTERNATIONAL FINANCIAL
Remainder of title REPORTING AND ANALYSIS
250 ## - EDITION STATEMENT
Edition statement 7TH ED.
260 ## - PUBLICATION, DISTRIBUTION, ETC.
Place of publication, distribution, etc. HAMPSHIRE
Name of publisher, distributor, etc. CENGAGE LEARNING
Date of publication, distribution, etc. 2017
300 ## - PHYSICAL DESCRIPTION
Extent XVIII,834
500 ## - GENERAL NOTE
General note INCLUDE: BIBLIOGRAPHIC REFERENCES AND INDEXES
650 ## - SUBJECT ADDED ENTRY
Topical term or geographic name entry element INTERNATIONAL ACOUNTING STANDARDS BEARD FINANCIAL STATEMENT
700 ## - ADDED ENTRY--PERSONAL NAME
Personal name BRITTON, ANNE, JORISSEN, ANN
942 ## - ADDED ENTRY ELEMENTS (KOHA)
Source of classification or shelving scheme Library of Congress Classification
Koha item type Long Loan Book
Holdings
Withdrawn status Lost status Source of classification or shelving scheme Damaged status Not for loan Collection Home library Current library Shelving location Date acquired Inventory number Total checkouts Full call number Barcode Date last seen Copy number Price effective from Koha item type
    Library of Congress Classification     Business & Economics Kisii University Library Kisii University Library On Display 07/08/2025 108912   HF 5635 .A44 S76 2017 000000018311 07/08/2025 1 07/08/2025 Long Loan Book
    Library of Congress Classification     Business & Economics Kisii University Library Kisii University Library On Display 07/08/2025 108913   HF 5635 .A44 S76 2017 000000011978 07/08/2025 2 07/08/2025 Long Loan Book
    Library of Congress Classification     Business & Economics Kisii University Library Kisii University Library On Display 07/08/2025 108914   HF 5635 .A44 S76 2017 000000011976 07/08/2025 3 07/08/2025 Long Loan Book
    Library of Congress Classification     Business & Economics Kisii University Library Kisii University Library On Display 07/08/2025 108915   HF 5635 .A44 S76 2017 000000011977 07/08/2025 4 07/08/2025 Long Loan Book
    Library of Congress Classification     Business & Economics Kisii University Library Kisii University Library On Display 07/08/2025 108916   HF 5635 .A44 S76 2017 000000018714 07/08/2025 5 07/08/2025 Long Loan Book